| 000 | 00331nam a2200133Ia 4500 | ||
|---|---|---|---|
| 005 | 20260326100042.0 | ||
| 008 | 260326s9999||||xx |||||||||||||| ||und|| | ||
| 100 | _aMayr, Otto | ||
| 245 | 0 |
_aHotelbau : _b Handbuch fur den Hotelbau / _cOtto Mayr |
|
| 260 | _bGeorg D.W. Callwey | ||
| 300 | _a334 p. | ||
| 650 | _aHOTELES | ||
| 942 | _cBK | ||
| 999 |
_c7065 _d7065 |
||